Statistics for U.S. States With the Most Tornadoes Per Square Mile

Click here to take the quiz!

General Stats

  • This quiz has been taken 170 times
  • The average score is 7 of 10

Answer Stats

Avg. Tornadoes per Thousand
Square Miles Annually
U.S. State% Correct
1.130Kansas
92%
.953Oklahoma
89%
.930Alabama
82%
1.018Florida
76%
.961Mississippi
74%
.881Iowa
71%
.973Illinois
67%
.854Louisiana
61%
.775South Carolina
35%
1.020Maryland
15%

Score Distribution

Percentile by Number Answered

Percent of People with Each Score

Your Score History

You have not taken this quiz